| 000 | 00707nam a2200217 a 4500 | ||
|---|---|---|---|
| 003 | OST | ||
| 005 | 20140310183353.0 | ||
| 008 | 120914s19uu xx 00 eng d | ||
| 020 | _a978047090981 | ||
| 050 |
_aLC 4713.4 _b.Sch44 2011 |
||
| 100 | 1 | 0 | _aSchultz, Jerome J. |
| 245 | 1 | 0 |
_aNo where to hide : _b why kids with ADHD and LD hate shool and what can we do about it / _cJerome J. Schultz |
| 260 |
_aCalifornia : _bJossey-Bass, _c2011. |
||
| 300 |
_axiii, 321 p. : _c23 cm. |
||
| 500 | _aIncludes index. | ||
| 521 | _aEDU | ||
| 650 |
_aAttention deficit disordered children. _vEducation _xUnited States |
||
| 650 |
_aLearning disabilities. _xUnited States |
||
| 942 |
_cBK _2lcc _kFOR |
||
| 999 |
_c22141 _d22141 |
||